Central Library OPAC University of Rajshahi

Towards a philosophy of the modern corporation (Record no. 4059)

MARC details
000 -LEADER
fixed length control field 00723cam a22002411 4500
001 - CONTROL NUMBER
control field 4059
003 - CONTROL NUMBER IDENTIFIER
rucl marc code BD-RjUL
005 - DATE AND TIME OF LATEST TRANSACTION
control field 20211208233827.0
008 - FIXED-LENGTH DATA ELEMENTS--GENERAL INFORMATION
fixed length control field 131221s1967 ii 001 0 eng d
035 ## - SYSTEM CONTROL NUMBER
System control number (BD-RjUL)4093
System control number (OCoLC)4634343
040 ## - CATALOGING SOURCE
Original cataloging agency DLC
Transcribing agency NGenoU
Modifying agency OCoLC
-- Uk
-- DLC
-- (BD-RjUL)
Language of cataloging eng
041 ## - LANGUAGE CODE
Language code of text/sound track or separate title eng
082 04 - DEWEY DECIMAL CLASSIFICATION NUMBER
Classification number 346.066
Author mark and year MAT
100 1# - MAIN ENTRY--PERSONAL NAME
Personal name Mazumdar, D. L.
Fuller form of name (Dwijendra Lal),
Dates associated with a name 1905-
9 (RLIN) 12909
245 10 - TITLE STATEMENT
Title Towards a philosophy of the modern corporation
Statement of responsibility, etc. [by] D.L. Mazumdar.
260 ## - PUBLICATION, DISTRIBUTION, ETC. (IMPRINT)
Place of publication, distribution, etc. Bombay,
-- New York,
Name of publisher, distributor, etc. Asia Pub. House,
Date of publication, distribution, etc. [1967]
300 ## - PHYSICAL DESCRIPTION
Pagination xiv, 199 p. ;
Size 23 cm.
650 #0 - SUBJECT ADDED ENTRY--TOPICAL TERM
Topical term or geographic name as entry element Corporation law
Geographic subdivision India.
9 (RLIN) 12910
942 ## - ADDED ENTRY ELEMENTS (KOHA)
Source of classification or shelving scheme Dewey Decimal Classification
Koha item type Books
Holdings
Lost status Source of classification or shelving scheme Damaged status Not for loan Collection code Permanent Location Current Location Shelving location Date acquired Source of acquisition Cost, normal purchase price Total Checkouts Full call number Date last seen Copy number Koha item type
  Dewey Decimal Classification   Not For Loan Non-fiction Central Library, University of Rajshahi Central Library, University of Rajshahi Reading Room 13/05/1974 Asia Publications house 25.00   346.066 MAT 1967 21/12/2013 C-1 Books